000 00710nam a2200241Ia 4500
003 OSt
005 20220923214103.0
006 a|||||r|||| 00| 0
007 ta
008 220922b |||||||| |||| 00| 0 hin d
024 _a166,937
037 _cTextual
040 _aARTS
_cARTS
_bhin
041 _2hin
_ahin
082 _aO152,1J87x, K7
100 _aरज्जब
245 0 _aवाणी, नारायणदास द्वारा व्या
246 _aVāṇī, nārāyaṇadās dvārā vyā0
260 _c1967
650 _aहिन्दी साहित्य
_9156264
942 _hO152,1J87x, K7
_cTEXL
_2CC
999 _c321416
_d321416